Culture Générale - Série 277 - Statistiques

Statistiques générales
  • Ce quiz a été pris 298 fois
  • Le résultat moyen est 6 sur 10
Statistiques - réponses
Question Réponse % Correct
Dans les aventures d'Astérix, qui est tombé dans une marmite de potion magique ? Obélix
98%
Qui "prend l'homme" selon les paroles du titre de Renaud "Dès que le vent soufflera"? La mer
93%
Que désignent les mots pluviôse et thermidor dans le calendrier républicain ? Des mois
79%
Quels sont les trois articles indéfinis de la langue française ? Un, une, des
64%
Quel Français a disputé une demi-finale du simple messieurs de Roland-Garros en 2008 ? Gaël Monfils
56%
Quel groupe chante "Djobi djoba" en 1987 ? Les Gipsy Kings
47%
Quel est le prénom de Jacques Dutronc selon les paroles de "La Fille du Père Noël" ? Jean-Balthazar
37%
Quel adjectif qualifie la "petite fille riche" chantée par Claude François en 1963 ? Pauvre
35%
Qui chante "Rock'n'dollars (Donnez-moi madame s'il vous plaît)" en 1975 ? William Sheller
23%
Quel comédien chante " La Passionnata" en 1965 ? Guy Marchand
19%
Aucun quiz correspondant
Distribution des résultats
% des personnes avec chaque résultat
Percentile par nombre de réponses
Votre historique - résultats
Vous n’avez pas pris ce quiz